[Event "Mittelfrank Regionalliga Sud-West 2223"]
[Site "Mittelfranken"]
[Date "2023.03.19"]
[Round "8.7"]
[White "Brettner, Johannes"]
[Black "Schmitz, Tim"]
[Result "1/2-1/2"]
[WhiteElo "1979"]
[BlackElo "1885"]
[PlyCount "120"]
[EventDate "2022.10.09"]
[EventType "team-tourn"]
[EventRounds "9"]
[EventCountry "GER"]
[SourceTitle "EXT 2024"]
[Source "ChessBase"]
[SourceDate "2023.10.10"]
[SourceVersion "1"]
[SourceVersionDate "2023.10.10"]
[SourceQuality "1"]
[WhiteTeam "Garching III"]
[BlackTeam "Sendling"]
[WhiteTeamCountry "GER"]
[BlackTeamCountry "GER"]

1. e4 c5 2. Nf3 d6 3. d4 cxd4 4. Nxd4 Nf6 5. Nc3 a6 6. Be2 e5 7. Nb3 Be7 8. 0-0 0-0 9. Be3 Be6 10. g4 d5 11. exd5 Nxd5 12. Nxd5 Bxd5 13. c4 Be6 14. Nc5 Qc8 15. Nxe6 Qxe6 16. Qd5 Nc6 17. Qxe6 fxe6 18. Rfd1 Nd4 19. Bd3 Rad8 20. Kg2 h6 21. Be4 b5 22. cxb5 axb5 23. Rac1 Ne2 24. Rxd8 Rxd8 25. Rc7 Bf6 26. Rb7 Nd4 27. Bd3 Rd5 28. b4 Kf8 29. Bg6 Be7 30. a3 Rd8 31. h3 Bg5 32. Bd3 Ra8 33. Bxg5 hxg5 34. Bxb5 Rxa3 35. Bc4 Rc3 36. Ba6 e4 37. Rd7 Nf3 38. b5 Ne5 39. Rd4 e3 40. fxe3 Rxe3 41. b6 Rb3 42. b7 Ke7 43. Kf2 Nc6 44. Re4 Rb6 45. Bc4 Nd8 46. Re5 Kf6 47. Rc5 Nxb7 48. Rc7 Nd6 49. Bd3 Rb7 50. Rc6 Ke5 51. Ke3 Kd5 52. Ra6 e5 53. Ra5+ Ke6 54. Ra6 Rc7 55. Bf5+ Kd5 56. Ra5+ Rc5 57. Be6+ Kc6 58. Ra6+ Kc7 59. Ra7+ Nb7 60. Ra6 Rc6 1/2-1/2

[Event "Mittelfranken Landesliga Sued 2122"]
[Site "Mittelfranken"]
[Date "2021.10.24"]
[Round "1.7"]
[White "Brettner, Johannes"]
[Black "Unger, Michael"]
[Result "1/2-1/2"]
[WhiteElo "2024"]
[BlackElo "2101"]
[PlyCount "110"]
[EventDate "2021.10.24"]
[EventType "team-tourn"]
[EventRounds "9"]
[EventCountry "GER"]
[SourceTitle "EXT 2024"]
[Source "ChessBase"]
[SourceDate "2023.10.10"]
[SourceVersion "1"]
[SourceVersionDate "2023.10.10"]
[SourceQuality "1"]
[WhiteTeam "Garching II"]
[BlackTeam "Muenchen SC II"]
[WhiteTeamCountry "GER"]
[BlackTeamCountry "GER"]

1. e4 Nc6 2. d4 d5 3. e5 Bf5 4. Bb5 Qd7 5. c3 e6 6. Ne2 0-0-0 7. Ng3 Bg6 8. a4 a6 9. Bd3 f6 10. f4 Na5 11. Bxg6 hxg6 12. b4 Nc4 13. Na3 Nxa3 14. Bxa3 g5 15. fxg5 fxe5 16. dxe5 Be7 17. Qg4 Qc6 18. Ne2 Rf8 19. h4 Rf5 20. Kd2 Rxe5 21. Nd4 Qd7 22. Rae1 Rxe1 23. Rxe1 e5 24. Qxd7+ Kxd7 25. Rxe5 Rxh4 26. Rxd5+ Kc8 27. Re5 Rg4 28. Kd3 Rxg5 29. Rxg5 Bxg5 30. Ne6 Bf6 31. b5 axb5 32. axb5 b6 33. Bf8 g6 34. c4 Kd7 35. Nf4 Ke8 36. Bb4 Kf7 37. Ke4 Nh6 38. Kd5 Ng4 39. Kc6 Ne5+ 40. Kxc7 Nxc4 41. Nd5 Bd4 42. Bc3 Bf2 43. Kd7 Na3 44. Kc6 Nc4 45. Nf4 Be3 46. Nd3 Ke6 47. Be1 g5 48. Bf2 Bxf2 49. Nxf2 Ke5 50. Nd3+ Ke4 51. Nb4 Kf4 52. Nd5+ Kg3 53. Nxb6 Na3 54. Nd5 Nxb5 55. Kxb5 Kxg2 1/2-1/2